| 000 | 00613nam a2200217Ia 4500 | ||
|---|---|---|---|
| 005 | 20250508165050.0 | ||
| 008 | 008 250505s9999 xx 000 0 hin d | ||
| 020 | _a81-267-0833-6 | ||
| 037 | _aTextual | ||
| 040 |
_aFEDL _beng _cFEDL |
||
| 041 |
_ahin _2eng |
||
| 084 |
_a891.434, JAI _qFEDL |
||
| 100 | _aJain Nirmal | ||
| 245 | 0 | _aAdhunik sahitya: Mulya aur mulyankan | |
| 260 |
_aNew Delhi, India _bRaj Kamal Prakashan Pvt Ltd _c1993 |
||
| 300 | _a143p | ||
| 365 |
_aINR _b150 |
||
| 546 | _aAcc No.086576 is MACESE book | ||
| 942 |
_cTEXL _h891.434, JAI |
||
| 999 |
_c1392945 _d1392945 |
||